Normal view
MARC view
- PENROSE, HAROLD
Entry Personal Name
001 - CONTROL NUMBER
- control field: 79096
003 - CONTROL NUMBER IDENTIFIER
- control field: NUST
005 - DATE AND TIME OF LATEST TRANSACTION
- control field: 20210628210350.0
008 - FIXED-LENGTH DATA ELEMENTS
- fixed length control field: 210628|| aca||aabn | a|a d
040 ## - CATALOGING SOURCE
- Original cataloging agency: NUST
- Transcribing agency: NUST
100 ## - HEADING--PERSONAL NAME
- Personal name: PENROSE, HAROLD
670 ## - SOURCE DATA FOUND
- Source citation: Work cat.: (NUST): PENROSE, HAROLD, BRITISH AVIATION THE GREAT WAR AND ARMISTICE 1915-1919, 1969
